000 01017nam a2200289 i 4500
003 DO-SdBNP
005 20240820100613.0
007 ta
008 240820b2024 dr ||||| |||| 00| 0 spa d
020 _a9789945927740
040 _aDO-SdBNP
_bspa
_cBNPHU
_erda
041 _hspa
082 4 _222
_bV152L
100 _aValencia, Barna Liseth
_eautor
_986357
245 0 0 _aLibro blanco de insurtech República Dominicana /
_cBarna Liseth Valencia ; colaboradores Salvador de Cunha ; Alejandro Ramos ; Catherine Espaillat
264 4 _aSanto Domingo :
_bAsociación Dominicana de Empresas Fintech,
_c©2024
300 _a85 páginas :
_bilustraciones
_c28 cm.
336 _2rdacontent
_atexto
_btxt
337 _2rdamedia
_asin mediación
_bn
338 _2rdacarrier
_avolumen
_bnc
590 _aInventariado, 2024/DG
700 1 _aCunha, Salvador, de
_ecolaborador
_986358
700 1 _aRamos, Alejandro
_eColaborador
_986359
700 1 _aEspaillat, Catherine
_ecolaborador
_986360
910 _aDG
942 _2ddc
_cLBS1
999 _c57484
_d57484